| 000 | 00328nam a2200121Ia 4500 | ||
|---|---|---|---|
| 005 | 20251222141903.0 | ||
| 008 | 251222s9999||||xx |||||||||||||| ||spa|| | ||
| 082 | _a382.098.5/T74 | ||
| 100 | _aTorres Della Pina, José | ||
| 245 | 0 | _aCómo Hacer Negocios con Chile: | |
| 264 | _bComisión de las Comunidades Europeas | ||
| 942 | _cLIB | ||
| 999 |
_c8134 _d8134 |
||